Biggest Cities of China in the Warlord Era with a Map - Statistics

General Stats
  • This quiz has been taken 512 times
    272 since last reset
  • The average score is 27 of 68
Answers on the Map
Answers color-coded by a green-red scale on the quiz's map according to % correct below.
 
Answer Stats
Population Province City % Correct
850k Zhili Beijing
98%
1,5M Jiangsu Shanghai
96%
1,6M Guangdong Guangzhou
92%
900k Zhili Tianjin
91%
525k Sichuan Chongqing
89%
300k Jiangsu Nanjing
87%
250k Shaanxi Xi'an
84%
500k Sichuan Chengdu
83%
200k Heilongjiang Harbin
81%
100k Henan Guangzhou
78%
625k Fujian Fuzhou
74%
100k Jiangxi Fuzhou
74%
250k Fengtian Shenyang
74%
114k Fujian Xiamen
74%
100k Sichuan Fuling
73%
650k Zhejiang Hangzhou
71%
100k Yunnan Kunming
67%
230k Hunan Changsha
65%
600k Jiangsu Suzhou
62%
450k Zhejiang Ningbo
61%
300k Shandong Jinan
60%
110k Gansu Lanzhou
53%
480k Jiangxi Nanchang
51%
280k Henan Kaifeng
47%
140k Zhejiang Wenzhou
46%
450k Guangdong Foshan
44%
150k Jiangsu Wuxi
40%
125k Jiangsu Xuzhou
38%
130k Fujian Quanzhou
36%
100k Shandong Yantai
36%
120k Jiangxi Ji'an
35%
100k Zhili Baoding
33%
100k Shandong Linyi
30%
250k Hubei Wuchang
29%
350k Hubei Hankou
27%
300k Jiangsu Yangzhou
27%
125k Jiangsu Changzhou
26%
180k Hunan Changde
24%
100k Jiangsu Taizhou
24%
175k Anhui Wuhu
24%
260k Jiangsu Zhenjiang
24%
200k Jiangxi Ganzhou
22%
100k Zhejiang Huzhou
22%
400k Zhejiang Shaoxing
22%
180k Jiangsu Huaiyin
21%
100k Anhui Anqing
20%
250k Guangdong Chaozhou
20%
168k Guangdong Jiangmen
20%
200k Shandong Jining
20%
100k Hunan Hengzhou
19%
120k Sichuan Nanchong
19%
120k Guangdong Shaozhou
18%
100k Rehe Chifeng
17%
100k Shaanxi Hanzhong
17%
100k Zhejiang Jiaxing
17%
150k Hubei Hanyang
15%
180k Hunan Xiangtan
15%
110k Sichuan Wanxian
14%
125k Sichuan Yibin
14%
200k Henan Zhoukou
13%
100k Jiangsu Songjiang
9%
100k Guangdong Chaoyang
8%
200k Guangdong Xinhui
6%
100k Hubei Laohekou
5%
100k Shandong Tancheng
5%
130k Jiangsu Qingjiangpu
4%
100k Guangdong Chixi
3%
140k Guangdong Xiaolan
2%
No matching quizzes found
Score Distribution
Percent of People with Each Score
Percentile by Number Answered
Your Score History
You have not taken this quiz since the last reset